Espectroscopía infrarroja

Uloženo v:
Podrobná bibliografie
Hlavní autor: Morcillo Rubio, Jesús (autor)
Médium: Kniha
Jazyk:španělština
Vydáno: Washington, D.C OEA 1974
Edice:Serie de Química: Monografía. OEA, 12
Témata:
Tagy: Přidat tag
Žádné tagy, Buďte první, kdo vytvoří štítek k tomuto záznamu!

MARC

LEADER 00000cam a2200000 a 4500
001 UCV3968
003 CL-VaPUC
008 881010e19740000US |||||||||||||||||spa|d
082 0 4 |a 535.842  |b MOR  |2 21 
100 |a Morcillo Rubio, Jesús  |e autor  |9 373209 
245 1 0 |a Espectroscopía infrarroja 
300 |a 74 p 
942 |c BK 
945 |d 19881010 00:00:00 
260 |a Washington, D.C  |b OEA  |c 1974 
650 7 |a ESPECTROMETRIA INFRARROJA  |2 CL-VaPUC  |9 260156 
583 |a last modification  |c 20150713 14:24:54  |k Rodrigo Vera 
490 0 |a Serie de Química: Monografía. OEA, 12 
999 |c 211041  |d 211039 
952 |0 0  |1 0  |4 0  |6 535_842000000000000_MOR_1974  |7 0  |8 A  |9 188511  |a BIBING  |b BIBING  |d 2019-11-14  |i 1655019  |o 535.842 MOR 1974  |p 1655019  |r 2025-01-20  |w 2019-11-14  |y BK  |k EIQ 
952 |0 0  |1 0  |4 0  |6 535_842000000000000_MOR_1974  |7 0  |8 A  |9 188512  |a BIBING  |b BIBING  |d 2019-11-14  |i 1655000  |o 535.842 MOR 1974  |p 1655000  |r 2025-01-20  |w 2019-11-14  |y BK  |k EIQ 
952 |0 0  |1 0  |4 0  |6 535_842000000000000_MOR_1974  |7 0  |8 A  |9 188514  |a BIBCUR  |b BIBCUR  |d 2019-11-14  |i 4955072  |o 535.842 MOR 1974  |p 4955072  |r 2025-04-22  |w 2019-11-14  |y BK  |k BCB